চার্বাক দর্শন / (Record no. 2661)

MARC details
000 -LEADER
fixed length control field 01025nam a2200241 a 4500
003 - CONTROL NUMBER IDENTIFIER
control field BD-DhJNU
005 - DATE AND TIME OF LATEST TRANSACTION
control field 20260408062537.0
008 - FIXED-LENGTH DATA ELEMENTS--GENERAL INFORMATION
fixed length control field 260508s2013 bg |||g |||| 000 1|ben|d
020 ## - INTERNATIONAL STANDARD BOOK NUMBER
International Standard Book Number 8124702977
040 ## - CATALOGING SOURCE
Original cataloging agency BD-DhJNU
Language of cataloging ben
Transcribing agency BD-DhJNU
Modifying agency BD-DhJNU
041 ## - LANGUAGE CODE
Language code of text/sound track or separate title ben
082 ## - DEWEY DECIMAL CLASSIFICATION NUMBER
Classification number 181.45 SHC
Edition number 23
100 ## - MAIN ENTRY--PERSONAL NAME
Personal name শাস্ত্রী, দক্ষিণারঞ্জন
245 10 - TITLE STATEMENT
Title চার্বাক দর্শন /
Statement of responsibility, etc. দক্ষিণারঞ্জন শাস্ত্রী
246 ## - VARYING FORM OF TITLE
Title proper/short title Charvak Darshan
250 ## - EDITION STATEMENT
Edition statement 2nd ed.
260 ## - PUBLICATION, DISTRIBUTION, ETC.
Place of publication, distribution, etc. ভারত :
Name of publisher, distributor, etc. পশ্চিমবঙ্গ রাজ্য পুস্তক পর্ষৎ (ভারত),
Date of publication, distribution, etc. 2013.
300 ## - PHYSICAL DESCRIPTION
Extent ১৯১ পৃ. :
Other physical details চিত্র ;
Dimensions ২২ সেমি.।
504 ## - BIBLIOGRAPHY, ETC. NOTE
Bibliography, etc. note গ্রন্থপঞ্জিগত নির্দেশিকা ও নিঘন্ট অন্তভূক্ত
650 ## - SUBJECT ADDED ENTRY--TOPICAL TERM
Topical term or geographic name entry element চার্বাক দর্শন
650 ## - SUBJECT ADDED ENTRY--TOPICAL TERM
Topical term or geographic name entry element Indian Materialism -- Philosophy
942 ## - ADDED ENTRY ELEMENTS (KOHA)
Koha item type Books
Holdings
Withdrawn status Lost status Source of classification or shelving scheme Damaged status Not for loan Collection Home library Current library Shelving location Date acquired Source of acquisition Total checkouts Full call number Barcode Date last seen Copy number Price effective from Koha item type
    Dewey Decimal Classification     Non-fiction Jagannath University Central Library Jagannath University Central Library General stacks 04/08/2026 Purchased   181.45 SHC JNUCL34390 04/08/2026 1 04/08/2026 Books